000 00409cam a2200157ua 4500
041 _amal
_h
082 _a894.8121
_bRAV/US
100 _aRavivarma , Koilthampuran .
245 _aUshakalyanam : Bhasha Champy /
_cRavivarma Koyil Tampuran.
_hTextual Documents
250 _a1 /
_b.
260 _a :
_bKerala Sahitya Akademi ,
_c1962.
300 _a ; .
504 _a
942 _cBK
999 _c4004
_d4004